| 000 | 00570cab a2200205 4500 | ||
|---|---|---|---|
| 001 | WB3223-30 | ||
| 008 | 090401t1996 xxu||||| |||| 00| 0 eng d | ||
| 035 | _a(Sirsi) u27710 | ||
| 041 | _aeng | ||
| 245 | _aRevised MPG published | ||
| 260 | _c1996 | ||
| 350 | _a0 | ||
| 490 |
_aDoE News Release _v(249) 11 June 1996, (3) |
||
| 520 | _aMineral Planning Guidance Note 1 (MPG1) has been revised (HMSO £9.00). | ||
| 650 | _aMINERAL PLANNING | ||
| 650 | _aMINERALS PLANNING GUIDANCE NOTE ONE | ||
| 690 | _aMINING AND MINERALS | ||
| 942 | _n0 | ||
| 948 | _c04/03/1997 | ||
| 999 |
_c18664 _d18664 |
||